000 00761nam a2200205 a 4500
003 0
005 20250317113009.0
008 071127s19uu xx 00 eng d
050 _aPGS HG 179.G46
_b.Il27 2007
100 _aIlagan, Frederick Wilson C.
245 _aGender and budgeting strategies /
_cFrederick Wilson C. Ilagan.
260 _aLas PiƱas City, Philippines :
_bSouthville International School and Colleges,
_c2007.
300 _a32 pages :
_billustrations ;
_c28 cm.
504 _aIncludes bibliographical references.
650 _aBudgeting
_vGender differences.
650 _aFinancial literacy
_vGender aspects.
650 _aMoney management
_vPsychological aspects.
650 _aPersonal finance
_vDecision making.
942 _2lcc
_cPASS
999 _c97716
_d97716